Normal view
MARC view
- Ashokumar,
Entry Personal Name
001 - CONTROL NUMBER
- control field: 7224
003 - CONTROL NUMBER IDENTIFIER
- control field: OSt
005 - DATE AND TIME OF LATEST TRANSACTION
- control field: 20250222112001.0
008 - FIXED-LENGTH DATA ELEMENTS
- fixed length control field: 250222|| aca||aabn | a|a d
040 ## - CATALOGING SOURCE
- Original cataloging agency: OSt
- Transcribing agency: OSt
100 ## - HEADING--PERSONAL NAME
- Personal name: Ashokumar,
670 ## - SOURCE DATA FOUND
- Source citation: Work cat.: (OSt)12198: Ashokumar, ., International encylopedia of sports and games, Vol.IV / , 2000.
